| 000 | 00751nam a22002297a 4500 | ||
|---|---|---|---|
| 003 | OSt | ||
| 005 | 20150206154831.0 | ||
| 008 | 130925t xxu||||| |||| 00| 0 eng d | ||
| 020 | _a9781405896122 | ||
| 050 |
_aQA 11.154 _b.Ex96t6 2009 |
||
| 245 |
_aExploring maths 6 : _bteacher's book / _cedited by Anita Straker. |
||
| 260 |
_aGreat Britain, Scotprint : _bPearson Education, _cc2009. |
||
| 300 |
_aiv. 381 pages : _bcolored illustrations ; _c27 cm. _e+ 1 CD ROM (3/4) inches. |
||
| 651 |
_aTrigonometry. _xmathematics _921547 |
||
| 651 |
_aGeometry _xmathematics _921548 |
||
| 651 |
_aEquations _xMathematics _921549 |
||
| 651 |
_aAlgebra _xmathematics _921550 |
||
| 942 |
_2lcc _cBK |
||
| 999 |
_c282546 _d282546 |
||